Kaunseling kelompok

Bibliographic Details
Main Authors: Mohd Mansur Abdullah (Author), Siti Nordinar Mohd Tamin (Author)
Format: Book
Language:Malay
Published: Johor : Universiti Teknologi Malaysia 1996
Subjects:

MARC

LEADER 00000cam a2200000 7i4500
001 0000015777
005 20241022.0
008 050919 my may
020 |a 9839585193 
040 |a INS   |b eng   |e rda 
090 0 0 |a BF637.C6   |b .M64 1996 
100 0 |a Mohd Mansur Abdullah ,   |e author 
245 1 0 |a Kaunseling kelompok   |c Mohd Mansur Abdullah, Siti Nordinar Mohd Tamin 
264 1 |a Johor :   |b Universiti Teknologi Malaysia   |c 1996 
264 4 |c ©1996 
300 |a 255 pages ;   |c 23 cm. 
336 |a text  |2 rdacontent 
337 |a unmediated  |2 rdamedia 
338 |a volume  |2 rdacarrier 
504 |a Includes bibliographical references and index 
650 0 |a Counseling 
700 0 |a Siti Nordinar Mohd Tamin ,   |e author 
999 |a 0000015766   |b BOOK   |c Open Shelf   |e Default branch